Philosophy of international law (Registro nro. 316243)
[ vista simple ]
| 000 -ENCABEZADO | |
|---|---|
| Número de control [NR] | 01725cam a2200373 i 4500 |
| 001 - NÚMERO DE CONTROL | |
| control field | 19650832 |
| 005 - FECHA Y HORA DE LA ÚLTIMA TRANSACCIÓN | |
| control field | 20191106104833.0 |
| 008 - DE LONGITUD FIJA DE DATOS DE ELEMENTOS - INFORMACIÓN GENERAL | |
| Elementos de longitud fija [NR] | 191106t2017 stk b 001 0 eng d |
| 010 ## - NUMERO DE CONTROL DE LA BIBLIOTECA DEL CONGRESO (LC) [NR] | |
| Número de control LC [NR] | 2016590074 |
| 015 ## - NUMERO DE BIBLIOGRAFIA NACIONAL [R] | |
| Número de bibliografía nacional [R] | GBB722473 |
| Fuente [NR] | bnb |
| 020 ## - NUMERO INTERNACIONAL NORMALIZADO PARA LIBROS [R] | |
| ISBN Cancelado/ Invalidado [R] | 9780748675500 |
| 020 ## - NUMERO INTERNACIONAL NORMALIZADO PARA LIBROS [R] | |
| ISBN Cancelado/ Invalidado [R] | 0748675507 |
| 020 ## - NUMERO INTERNACIONAL NORMALIZADO PARA LIBROS [R] | |
| Número Internacional Normalizado del libro [NR] | 9780748675517 (2a.Ed.) |
| 020 ## - NUMERO INTERNACIONAL NORMALIZADO PARA LIBROS [R] | |
| ISBN Cancelado/ Invalidado [R] | 0748675515 |
| 020 ## - NUMERO INTERNACIONAL NORMALIZADO PARA LIBROS [R] | |
| ISBN Cancelado/ Invalidado [R] | 9780748675524 |
| 020 ## - NUMERO INTERNACIONAL NORMALIZADO PARA LIBROS [R] | |
| ISBN Cancelado/ Invalidado [R] | 9780748675531 |
| 035 ## - NUMERO DE CONTROL DEL SISTEMA [R] | |
| Número de control del sistema [NR] | (OCoLC)ocn976439223 |
| 040 ## - FUENTE DE CATALOGACION [NR] | |
| Agencia de catalogación original [NR] | CO-BoUCM |
| Idioma de catalogación [NR] | spa |
| Quien Cataloga | Saul Niño |
| Quien Clasifica | Saul Niño |
| 041 0# - CODIGO DE IDIOMA [R] | |
| Código de idioma para texto/pista de sonido o título separado [R] | Inglés |
| 100 1# - ASIENTO PRINCIPAL--NOMBRE PERSONAL [NR] | |
| Nombre personal [NR] | Carty, Anthony |
| ID Autoridad | 99141 |
| 245 10 - MENCION DE TITULO [NR] | |
| Título [NR] | Philosophy of international law |
| Mención de responsabilidad, etc. [NR] | Anthony Carty |
| 250 ## - MENCION DE EDICION [NR] | |
| Mención de edición [NR] | Segunda edición |
| 260 ## - PUBLICACION, DISTRIBUCION, ETC. (PIE DE IMPRENTA) [R] | |
| Lugar de publicación, distribución, etc. [R] | Edinburgh |
| Nombre del editor, distribuidor, etc. [R] | Edinburgh University Press |
| Fecha de publicación, distribución, etc. [R] | [2017] |
| 300 ## - DESCRIPCION FISICA [R] | |
| Extensión [R] | 300 páginas |
| 505 0# - NOTA DE CONTENIDO CON FORMATO PREESTABLECIDO [R] | |
| Nota de contenido con formato preestablecido [NR] | Introduction : what place for doctrine in a time of fragmentation? -- Continuing uncertainty in the mainstream -- Towards a new theory of personality in international law -- The existence of states and the use of force -- International economic/finance law--a critique. |
| 520 ## - NOTA DE RESUMEN, ETC. [R] | |
| Nota de sumario, etc. [NR] | Tracks the development of the foundations of the philosophies of international law, covering the natural, analytical, positivist, realist and postmodern legal traditions. You'll learn how these approaches were first conceived and how they shape the network of relationships between the signatories of international law --Source other than the Library of Congress. |
| 546 ## - NOTA DE IDIOMA [R] | |
| Nota de idioma [NR] | Texto en inglés |
| 650 #7 - ASIENTO SECUNDARIO DE MATERIA - TERMINO TEMATICO [R] | |
| Término temático o nombre geográfico como elemento de entrada [NR] | Derecho internacional |
| Subdivisión general [R] | Filosofía |
| 9 (RLIN) | 12776 |
| 650 #7 - ASIENTO SECUNDARIO DE MATERIA - TERMINO TEMATICO [R] | |
| Término temático o nombre geográfico como elemento de entrada [NR] | Derecho y sociedad |
| 9 (RLIN) | 12849 |
| 650 #7 - ASIENTO SECUNDARIO DE MATERIA - TERMINO TEMATICO [R] | |
| Término temático o nombre geográfico como elemento de entrada [NR] | Derecho internacional |
| Subdivisión general [R] | Filosofía |
| 9 (RLIN) | 12776 |
| 650 #7 - ASIENTO SECUNDARIO DE MATERIA - TERMINO TEMATICO [R] | |
| Término temático o nombre geográfico como elemento de entrada [NR] | Derecho |
| 9 (RLIN) | 7494 |
| 942 ## - ELEMENTOS DE ENTRADA AGREGADOS (KOHA) | |
| Sistema de clasificación | DEWEY |
| Tema principal | Derecho |
| Tipo de ítem principal el descrito en 300a | Libro |
| Edición | 2 |
| Clasificación | 341.01 |
| Parte restante de la signatura top. | C329p |
| Fecha de último préstamo | Total préstamos | Total Renewals | Signatura topográfica | Código de barras | Última vez visto | Volúmen / Fascículo | Ejemplar | Costo de reposición | Price effective from | Tipo de ítem | Perdido | Sistema de clasificación | Dañado | No prestable | Tipo de ítem específico | Suprimido | Ubicación habitual | Ubicación actual | Localización | Fecha de creación | Proveedor | Forma de adquisición | Costo |
|---|---|---|---|---|---|---|---|---|---|---|---|---|---|---|---|---|---|---|---|---|---|---|---|
| 11/02/2021 | 1 | 4 | 341.01 C329p | 100164863 | 04/12/2025 | 2a.Ed. | Ej.1 | 50900.00 | 05/11/2019 | Libro | DEWEY | Libro | Claustro | Claustro | 3er piso | 05/11/2019 | 37 | Compra | 50900.00 |